000 01928nam a2200529 i 4500
001 39182
003 KOSZ 005
005 20240405063125.0
008 041010s2000 pl f |100 0 pol d
020 _a8387832189
040 _cKOSZ 005
_aKOSZ 005
_dKOSZ 005/HR
041 0 _apl
046 _k2000
080 _a327(4-67)
080 _a341.24(4-67)
080 _a(06)
245 0 0 _aDoświadczenia negocjacji akcesyjnych państw UE /
_cpraca pod red. Stanisława Miklaszewskiego.
260 _aKraków :
_b"Meritum",
_c2000.
300 _a83 s. ;
_c21 cm.
336 _2rdacontent
_aTekst
_btxt
337 _2rdamedia
_aBez urządzenia pośredniczącego
_bn
338 _2rdacarrier
_aWolumin
_bnc
380 _aKsiążki
388 _a1901-2000
388 _a1989-2000
490 1 _aZeszyty / Fundacja "Międzynarodowe Centrum Rozwoju Demokracji" ;
_vz. 41
500 _aMateriały z konferencji pt.: Doświadczenia Austrii, Finlandii, norwegii i Szwecji a proces Polski do Unii Europejskiej", która odbyła się w dniu 20 listopada 1999 r. w Krakowie.
504 _aBibliogr. s. 49.
610 2 _aUnia Europejska (UE)
648 7 _a1901-2000
648 7 _a1989-2000
650 7 _aNegocjacje akcesyjne
650 9 _aUmowa międzynarodowa
651 7 _aAustria
651 7 _aFinlandia
651 7 _aNiemcy
651 7 _aNorwegia
651 7 _aPolska
651 7 _aSzwecja
655 _aMateriały konferencyjne
658 _aPolityka, politologia, administracja publiczna
700 1 _aMiklaszewski, Stanisław
_d(1947-2011)
_eRedakcja
710 _aMeritum
856 _uhttp://koha.tu.koszalin.pl/cgi-bin/koha/opac-detail.pl?biblionumber=39182
_yKatalog online BPK
830 0 _aZeszyty Fundacji "Międzynarodowe Centrum Rozwoju Demokracji"
_vz. 41
942 _cKS
_2UKD
999 _c39182
_d39182